World Capitals with 'CO' Quiz Stats

Quiz not verified by Sporcle

Challenge
Share
Tweet
Embed
Score 0/7 Timer 03:00
0 Plays Today
% Correct
Monaco
84.6%
Copenhagen
76.9%
Mexico City
66.7%
Conakry
65.4%
Moscow
64.1%
Nicosia
46.2%
Colombo
37.2%

You're not logged in!

Compare scores with friends on all Sporcle quizzes.
Sign Up with Email
OR
Log In

You Might Also Like...

Show Comments

Extras

Top Quizzes Today


Score Distribution

Your Account Isn't Verified!

In order to create a playlist on Sporcle, you need to verify the email address you used during registration. Go to your Sporcle Settings to finish the process.